000 00312nam a22001337a 4500
008 171009b xxu||||| |||| 00| 0 eng d
020 _a9780205306305
041 _aeng
080 _a159.9
100 _a49
101 _aPSI
245 _aGROUP COUNSELLING AND GROUP PSYCHOTHERAPY
_cGAZDA,G.M
942 _2udc
_cBK
999 _c32656
_d32656